Statistics for Soccer (Football) Regional Members NOT FIFA Members

Click here to take the quiz!

General Stats

  • This quiz has been taken 15 times
    (4 since last reset)
  • The average score is 3 of 12

Answer Stats

Confederation Member % Correct
OFCTuvalu
100%
CAFZanzibar
50%
CONCACAFMartinique
25%
OFCNiue
25%
CONCACAFBonaire
25%
CONCACAFFrench Guiana
25%
CAFRĂ©union
25%
OFCKiribati
0%
CONCACAFGuadeloupe
0%
AFCNorthern Mariana Islands
0%
CONCACAFSaint Martin
0%
CONCACAFSint Maarten
0%

Score Distribution

Percentile by Number Answered

Percent of People with Each Score

Your Score History

You have not taken this quiz since the last reset